000 00518nam a22001692 4500
001 0000024663
005 20151217161645.0
008 140123s xx 000 0 eng d
040 _aKABU
_cKABU
100 1 _aMulinda, Masua Catherine.
_@0000185045
245 1 0 _aChildren with disabilities and the law in Kenya :
_ba review of the rights and obligations /
_cMasua Catherine Mulinda.
260 _c2013.
300 _av, 42 leaves.
908 _a140123
950 _@1
999 _c15505
_d15505